00258nam a2200109Ia 4500008004100000041000800041100001900049245002600068260003300094300000800127650001300135240614s9999 xx 000 0 und d aeng aBhagat, Chetan a3 Mistakes of my life bRupa Publicationc2008aPune a257 aGeneral